1574 1439 1954 1756 1200 1951 1105 1073 1094 1206 1030 1140 1583 1737 1466 1361 1969 1819 1428 1430 1006 1710 1152 1250 1462 1867 1339 1019 1192 1985 1712 1698 1146 1603 1090 1202 1413 1209 1697 1813 1918 1651 1688 1179 1428 1538 1510 1821 1752 1231 1455 1940 1345 1434 1610 1200 1927 1784 1522 1494 1126 1089 1267 1292 1332 1862 1957 1657 1951 1343 1337 1086 1395 1879 1834 1868 1403 1596 1867 1690 1412 1987 1352 1669 1734 1862 1555 1336 1819 1867 1586 1612 1691 1660 1096 1757 1901 1876 1387 BCNSPRNW ULIB Ver.6.0+V

เปลี่ยนเป็นภาษาไทย

Change to English
 แสดงรายละเอียดบรรณานุกรม
  กลับหน้าหลัก

Brief Record : Get Marc (ISO 2709) : E-mail record : QR code < ปิดหน้าต่าง
LEADER : 00000nam 2200000uu 4500
001    13399111659
003     ULIB
008    110704s||||||||th 000 0 tha d
020    9786165080965
050  4 BQ4570^bส277ด 2553
100 0  ดาไล ลามะ
245 10 365 ดาไล ลามะ วัจนะจากใจ/^cดาไล ลามะ
260    กรุงเทพฯ :^bแสงดาว,^c2553
300    377 หน้า
700 0  สมลักษณ์ สว่างโรจน์^eแปล
945    ^p250^l0^i028430
995    ทศพร
999 ^a ใช้งานได้ทุกระบบ
รายการนี้ยังไม่มีแท็ก
คุณยังไม่ได้ล็อกอิน คุณสามารถมีกิจกรรมร่วมกับเว็บไซต์ได้ แต่ต้องล็อกอินก่อน ::
  ล็อกอิน

รายการสื่อสารสนเทศ

ลำดับที่ ประเภท เลขเรียก/บาร์โค้ด สถานที่ สถานะ
- ไม่พบข้อมูล -

BibComment


ยังไม่เคยถูกคอมเมนท์

คอมเมนท์ทรัพยากรรายการนี้
  คอมเมนท์: 365 ดาไล ลามะ วัจ..


 Copyright 2026. Bcnsprnw @Library